Quizzes
Events
Quiz Creation
Community
Videos
Private Events
Remove Ads
Sign In
Join for FREE
Feedback
Dark Mode
Quiz Categories
Sports
Geography
Music
Movies
Television
Just For Fun
Miscellaneous
History
Literature
Language
Science
Gaming
Entertainment
Religion
Holiday
For Kids
Quiz Lab
Recent
Popular Today
Quiz Kudos Today
Editor Picks
Curator Picks
Quizzes by...
Day
Popularity
Type
Ratings
Length
Year
Community
Subscriptions
Recent Discussions
Orange Saloon
Badges
Playlists
Quests
Create
Leaderboards
Showdown
Live 5
Trivia Bingo
Activity
Puzzle Library
Sporcle Events
Private Events
Virtual Trivia
Globe League
Become a Host
Pub Owners
SporcleCon
Opinionation
Our Games
Videos
Blog
Mobile Apps
Partnerships
Remove Ads and Go Orange
Feedback
Music
Pop Music
The Beatles
Song
Album
Lyrics
Bands
Singers
Artist
Clip
Rock
Rap
Classical
Billboard
Country Music
Kpop
Taylor Swift
Music
Pop Music
The Beatles
Song
Album
Lyrics
Bands
Singers
Artist
Clip
Rock
Rap
Classical
Billboard
Country Music
Kpop
Taylor Swift
Random Quiz
Search Sporcle
×
Quiz Lab
Quiz Lab
Music
snsd
Type in answers that appear in a list
Type in answers that appear in a list
Classic
Best Score? Go Orange.
SNSD Who sings the first line? Stats
Can you name the SNSD member who sings the first line??
By
Aegyoqueen999
7m
47 Questions
657 Plays
657 Plays
657 Plays
Comments
Comments
Give Quiz Kudos
Give Quiz Kudos
-
- Ratings
hide this ad
More Info
No Skip
Answers have to be entered in order without skipping
Answers have to be entered in order without skipping
Replay
Link that replays current quiz
Next Quiz
Link to next quiz in quiz playlist
You Got
0%
They Got
Avg Score
49%
Avg Friend Score
Upgrade to see
Score Distribution
Jump to the score distribution portion of the page
Score
0/47
Timer
07:00
0
Plays Today
Hint
Answer
% Correct
?
???
100%
?
???
93.8%
?
???
87.4%
?
???
81.3%
?
???
79.5%
?
???
78.4%
?
???
76.9%
?
???
75.5%
?
???
73.8%
?
???
71.8%
?
???
68.6%
?
???
67.9%
?
???
65.6%
?
???
63.8%
?
???
61.9%
?
???
60.4%
?
???
58.6%
?
???
56%
?
???
54.8%
?
???
54.2%
?
???
53%
?
???
52.5%
?
???
51.1%
?
???
50.8%
Hint
Answer
% Correct
?
???
49.2%
?
???
47.3%
?
???
44%
?
???
42%
?
???
41.6%
?
???
40.8%
?
???
40.3%
?
???
38.4%
?
???
35.5%
?
???
33.9%
?
???
32.1%
?
???
30.7%
?
???
29.5%
?
???
28.5%
?
???
26.9%
?
???
24.5%
?
???
23.8%
?
???
23.4%
?
???
22.2%
?
???
21.2%
?
???
19.7%
?
???
17.6%
?
???
17.1%
Quiz Playlist
Details
Report
Send in Message
Add To Playlist
More Info:
The part that counts is the first real INDIVIDUAL SINGING/RAPPING part. Chanting, talking, adlibs and group singing doesn't count.
Classic:
Type in answers that appear in a list
No Skip:
Answers have to be entered in order without skipping
Last Updated: Feb 16, 2017
Quiz Scoreboard
CHALLENGE
Sign Up to Join the Scoreboard
Show All
Scores
Hide
Comments
May contain spoilers
Recently Published
Alphabetical 'K' Countries by Flag Minefield
by ylime102
Geography
3m
Pick 6: Fruits
by JohnFran
Miscellaneous
15s
Click the 1999 NBA Draft
by nibperrychub
Sports
2m
More to Explore
Quiz From the Vault
Featured Blog Post
15 Basketball Trivia Facts You Can Be March Mad About
hide this ad
You Might Also Like...
Tags
Sing
snsd
Today's Top Quizzes in Music
Browse Music
hide this ad
Top Contributed Quizzes in Music
1
KPOP LOGIC QUIZ
2
Taylor Swift All Songs (2024)
3
NCT 2020 Logic Puzzle
4
Taylor Swift Logic Puzzle
5
Lana Del Rey songs - match the song with the album
6
Taylor Swift: Logic Puzzle
7
Guess The Taylor Swift Lyrics Song #1
8
Joni Mitchell—'Car on a Hill' Lyrics
9
kpop group name match up
10
Guess the Taylor Swift song (Mystery Song)
Explore More
Trending Topics
Anime
NBA
Kpop
Crossword
Marvel
Disney
Harry Potter
Soccer
Puzzle
Song
Pokémon
The Office
WWE
Country
NFL
hide this ad
More By:
Aegyoqueen999
Quiz
Plays
Rating
Category
Featured
Created
SNSD Who sings the first line?
657
Music
Feb 27, 2015
Go to Creator's Profile
Score Distribution
Quiz Creator Spotlight
Aegyoqueen999
Follow
Send a Message
Quizzes Created
-
Created Quiz Play Count
-
More By This Creator
Popular Quizzes Today
1
Find the US States - No Outlines Minefield
2
Countries of Asia Without Outlines Minefield
3
Pick 6: Fruits
4
Alphabetical 'K' Countries by Flag Minefield
5
The Countries of the World
6
Click the 1999 NBA Draft
7
Find the US States
8
Match the Book to the Film X
More Music Quizzes
Musical Women by Image A-Z II
Published
Trending Quizzes
Pick 6: Harry Potter
Pick 6: Golfers
Pick 6: Movie Franchises
Pick 6: Foods
Pick 6: Landmarks
Recently Updated
Women's Final Four Teams by Year
bhenderson79
Presidents Quartet II
eogle
Anything But Clue(do)
eogle
Anything But Oceanian Capitals
eogle
Anything But 7
eogle
Anything But Thing
eogle
Word Ladder: February 29
pecheneg
Song Title Questions
pecheneg
Women's NCAA Tournament #1 Seeds
pecheneg
Celebrity Mug Shots
pecheneg
Trending Topics
Disney
Crossword
Kpop
Harry Potter
NBA
Marvel
Anime
WWE
Pokémon
Song
Puzzle
Country
The Office
Soccer
NFL
Your Account Isn't Verified!
In order to create a playlist on Sporcle, you need to verify the email address you used during registration. Go to your
Sporcle Settings
to finish the process.
Report this User
Report this user for behavior that violates our
Community Guidelines
.
Details:
Send Report
Go to the Sporcle.com Mobile Site →
Comments